| 000 | 00429nam a2200157 i 4500 | ||
|---|---|---|---|
| 001 | 128937 | ||
| 003 | ES-MaACL | ||
| 005 | 20230906193410.0 | ||
| 007 | t| | ||
| 008 | 070531s1920 xxu ||||1| eng d | ||
| 100 | 1 |
_aTaylor, Henry C. _9109450 |
|
| 245 | 1 | 0 |
_aAgricultural economics / _cby Henry C. Taylor. |
| 260 |
_aNew York : _bMacmillan and CÂș, _c1920. |
||
| 300 |
_a439 p. : _bil. ; _c20 cm. |
||
| 852 |
_aES-MaACL _jC-2236 |
||
| 999 |
_c128937 _d128937 |
||